Coronas individuales e incrustaciones metálicas fundidas (Registro nro. 8073)
[ vista simple ]
| 000 -CABECERA | |
|---|---|
| campo de control de longitud fija | 00593ntm a22001937a 4500 |
| 005 - FECHA Y HORA DE ACTUALIZACIÓN | |
| campo de control | 20220128115753.0 |
| 008 - LONGITUD FIJA | |
| campo de control de longitud fija | 160519b xxu||||| |||| 00| 0 spa d |
| 041 ## - IDIOMA | |
| Código de idioma del texto/pista de sonido o título separado | |
| 082 ## - CLASIFICACIÓN DECIMAL DEWEY | |
| Número de clasificación | 614.692 P324c |
| 100 ## - AUTOR PERSONAL | |
| Nombre de persona | Paula Eduardo, Carlos de Matson, Edmir |
| 245 ## - TÍTULO PROPIAMENTE DICHO | |
| Título | Coronas individuales e incrustaciones metálicas fundidas |
| 260 ## - PIE DE IMPRENTA | |
| Lugar de publicación, distribución, etc. | Venezuela |
| Nombre del editor, distribuidor, etc. | Actualidades Médico Odontológicas Latinoamerica |
| Fecha de publicación, distribución, etc. | 1998 |
| 300 ## - DESCRIPCIÓN FÍSICA | |
| Extensión | 86 páginas |
| 650 ## - Materia General | |
| Materia general | CORONAS |
| 650 ## - Materia General | |
| Materia general | INCRUSTACIONES |
| 650 ## - Materia General | |
| Materia general | RESTAURACIONES |
| 650 ## - Materia General | |
| Materia general | CERÁMICAS |
| 942 ## - Punto de Acceso Adicional Koha | |
| Tipo de ítem Koha | Libro |
| Estado perdido | Estado dañado | No para préstamo | Biblioteca permanente | Biblioteca actual | Signatura completa | Código de barras | Tipo de ítem | Precio efectivo a partir del |
|---|---|---|---|---|---|---|---|---|
| Departamento de Biblioteca y Documentación Alfonso Chase Brenes | Departamento de Biblioteca y Documentación Alfonso Chase Brenes | 614.692 P324c | 5718 | Libro | ||||
| Departamento de Biblioteca y Documentación Alfonso Chase Brenes | Departamento de Biblioteca y Documentación Alfonso Chase Brenes | 614.692 P324c | 4786 | Libro | 28/01/2022 |